| 000 | 01020nam a2200241Ia 4500 | ||
|---|---|---|---|
| 999 |
_c39991 _d39991 |
||
| 001 | 6597 | ||
| 003 | GE_BSU | ||
| 005 | 20191202151258.0 | ||
| 008 | 181216s2008||||ge |||||||||||||| ||geo|| | ||
| 020 | _a999401305X | ||
| 040 | _cGE_BSU | ||
| 041 | _ageo | ||
| 080 | _a821.353.1.09 პ-14 | ||
| 100 |
_aპაიჭაძე, თამარ _95669 |
||
| 245 |
_aლიტერატურული წერილები : _bკრებული / _cთამარ პაიჭაძე; რედ. რევაზ მიშველაძე. |
||
| 264 |
_aთბილისი : _bუნ-ტის, გამ-ბა, _c2006. |
||
| 300 |
_a255 გვ.; _b1ფ.პორტრ. _c20 სმ. |
||
| 504 | _aბიბლიოგრ.: გვ. 252-254. | ||
| 653 | _a ქართული პოეზიის ისტორია და კრიტიკა | ||
| 653 | _aკრებული | ||
| 700 |
_aმიშველაძე, რევაზ _eრედაქტორი _93537 |
||
| 942 |
_cBK _2udc |
||